00263 a2200121 4500001000700000020001800007040003500025100001900060240002400079245001900103300001000122362000900132156872 a9788516100704 cEscola São Tomás de Aquino aKAYANO, Miruna10aEra uma vez...lpor10aEra uma vez... a40 p.0 a2015